000 00394cam a2200169 4500
001 D12582
008 090401t1900 xxu||||| |||| 00| 0 eng d
035 _a(Sirsi) u4406
041 _aeng
100 _aDavidson, Charles
245 _aTable of feu-duties on ground annuals
260 _bAlexander Gardner
_c1900
350 _a0
520 _aShelf 114
942 _n0
948 _c04/03/1997
999 _c86024
_d86024